03059nam a2200361 c 450000100060000000300100000600500170001600700030003300800410003602000180007704000350009504100080013008200200013810000440015824501060020225000580030826400580036630000680042433600290049233700330052133800280055450000440058250400270062650503290065352012440098252100410222665000990226765000760236665000970244294200120253999900170255195201290256857771CO-BoRNBP20250730152608.0ta231206s2023 ck o|||er ||| 001 1 spa d a9789585305243 aCO-BoRNBPbspaerdacCO-BoRNBP0 aspa04a305.8bC17p222 aCásseres Estrada, Solmeryeaut96158210aPalenque de San Basilio :bcostumbres y tradiciones ancestrales Tomo I /cSolmery Cásseres Estrada. aEdición especial para el Ministerio de las Culturas 1aBogotá, Colombia :bAmbientes de Aprendizaje,c2023 a208 páginas :bilustraciones y fotografías a blanco y negro atextobtxt2rdacontenido asin mediaciónbn2rdamedio avolumenbnc2rdasoporte aIncluye datos curriculares de la autora aIncluye bibliografía1 tReseña histórica de Palenque de San BasiliotAspecto económico: pérdida de las tierras del Bajo GrandetEl Kuagro, reseña históricatEl velorio en la comunidad palenquera y sus costumbrestLa familiatLa infancia y la niñez en la comunidad palenqueratLengua palenquetAspectos religiosostEl boxeo en Palenque3 aHoy en pleno siglo XXI, la licenciada Solmery Casseres Estrada, se ha convertido en una fiel defensora de las costumbres y tradiciones que adquirió desde niña en su pueblo natal, Palenque de San Basilio, escuchando noche tras noche las historias, cuentos, mi- tos y leyendas narradas por sus abuelos, que la enriquecieron de conocimientos, que hoy plasma en sus escritos, como una manera de rescatar y fortalecer sus verdaderas raíces ancestrales de origen africano, que le ha permitido continuar la siembra de esa semilla libertaria, forjando así el camino para que las nuevas generaciones transiten con paso firme en medio de ella. Cada una de esas costumbres y tradiciones de carácter identitario ha permitido la estabilidad y el reconocimiento de Palenque de San Basilio a través de la historia como el resultado de la lucha que sostuvieron los cimarrones para alcanzar su libertad, defender y proteger sus diversidad étnica y cultural, sus derechos e ideales, su participación activa en las tomas de decisiones políticas, eco- nómicas, sociales, culturales y religiosas en el país, y rescatar sus nombres, apellidos, sus orishas, para obtener una calidad de vida digna y que fueran reconocidos como seres humanos aRecomendado para un público adulto07aAfrocolombianosxaspectos socialeszSan Basilio de Palenque (Bolívar, Colombia)2lemb96158307aIdentidad culturalzSan Basilio de Palenque (Bolívar, Colombia)2lemb07aNegrosxcostumbres y prácticaszSan Basilio de Palenque (Bolívar, Colombia)2lemb961584 2ddccBK c57771d57771 00102ddc40708GENaMEMACAREbMEMACAREcGENd2025-07-30l0o305.8 C17ppLM02769r2025-07-30 15:28:05tEj.1w2025-07-30yBK